Heading for the abyss: reminiscences, (Record no. 552447)
[ view plain ]
| 000 -LEADER | |
|---|---|
| fixed length control field | 00821cam a22001931 4500 |
| 082 ## - DEWEY DECIMAL CLASSIFICATION NUMBER | |
| Classification number | 940.4 |
| Author Mark | LIC |
| -- | D |
| 100 1# - MAIN ENTRY--PERSONAL NAME | |
| Personal name | Lichnowsky, Karl Max, |
| 9 (RLIN) | 49655 |
| 245 10 - TITLE STATEMENT | |
| Title | Heading for the abyss: reminiscences, |
| Statement of responsibility, etc. | by Prince Lichnowsky. |
| 260 ## - PUBLICATION, DISTRIBUTION, ETC. | |
| Place of publication, distribution, etc. | London, |
| Name of publisher, distributor, etc. | Constable & co. ltd., |
| Date of publication, distribution, etc. | 1928. |
| 300 ## - PHYSICAL DESCRIPTION | |
| Extent | xxvi, 471, [1] p. |
| Other physical details | front., ports. |
| Dimensions | 25 cm. |
| 500 ## - GENERAL NOTE | |
| General note | "Translated into English by Professor Sefton Delmer." |
| 500 ## - GENERAL NOTE | |
| General note | Includes "My mission to London", previously published separately, also "England before the war", Lichnowsky's London dispatches, and other documents. |
| 526 ## - STUDY PROGRAM INFORMATION NOTE | |
| Program name | 0 |
| Interest level | 0 |
| Reading level | 0 |
| Title point value | 940_400000000000000_LIC |
| 650 #0 - SUBJECT ADDED ENTRY--TOPICAL TERM | |
| Topical term or geographic name entry element | MCE |
| 9 (RLIN) | 379 |
| 650 #0 - SUBJECT ADDED ENTRY--TOPICAL TERM | |
| Topical term or geographic name entry element | World War, 1914-1918 |
| General subdivision | Causes. |
| 9 (RLIN) | 49656 |
| 650 #0 - SUBJECT ADDED ENTRY--TOPICAL TERM | |
| Topical term or geographic name entry element | World War, 1914-1918 |
| General subdivision | Diplomatic history. |
| 9 (RLIN) | 49657 |
| 700 1# - ADDED ENTRY--PERSONAL NAME | |
| Personal name | Delmer, Frederic Sefton, |
| 9 (RLIN) | 49658 |
| 942 ## - ADDED ENTRY ELEMENTS (KOHA) | |
| Source of classification or shelving scheme | |
| Koha item type | Book |
| Withdrawn status | Lost status | Source of classification or shelving scheme | Damaged status | Not for loan | Permanent Location | Current Location | Shelving location | Date acquired | Total Checkouts | Full call number | Barcode | Date last seen | Price effective from | Koha item type |
|---|---|---|---|---|---|---|---|---|---|---|---|---|---|---|
| Military College of Engineering (MCE) | Military College of Engineering (MCE) | 01/15/2015 | 940.4 LIC | MCE-ECH/97 | 01/15/2015 | 01/15/2015 | Book |
